Christopher Joseph

Notre Dame B


Categories

Science - Physics03003090106.0002
Beliefs03202097106.3302
Literature - European Literature1000156565.0011
Fine Arts - Visual Fine Arts021215139140.5000
010110137137.0011
Science - Biology010010136136.0000
Science - Chemistry010110121121.0001
Social Science010010101101.0000
History - World History0010-50.0000
Other Arts: Auditory0010-50.0000
Other Arts: Visual0010-50.0000
Other Science: Astronomy0010-50.0000
Fine Arts - Auditory Fine Arts0030-150.0000

Buzzes

Other Arts: Visualbonsai-564
Literature - European LiteratureDante Alighieri1565
Other Arts: AuditoryGeorge Frideric Handel-571
Beliefsfishing-579
Science - Physicssolenoids1090
Fine Arts - Auditory Fine Artstoccata-594
Science - Physicstime1096
Beliefscaves1097
Social ScienceBrazil10101
Fine Arts - Auditory Fine Artsviolin concertos-5104